000 00687nam a2200229Ia 4500
999 _c35998
_d35998
001 1897
003 GE_BSU
005 20221006115818.0
008 181216s2007ru xx |||||||||||||| ||rus||
020 _a9785942015169
040 _cGE_BSU
080 _a347.9(075.8)
100 _aМурадьян Э.М.
_915082
245 _aСудебное право /
_c Э.М. Мурадьян
260 _aСПБ
260 _bР. Асланова ,,Юридический центр. Пресс
260 _c2007
300 _a386 с.
_b 20 см.
653 _aСудебное право
653 _aსასამართლო სამართალი
942 _cBK
_2udc